000 00345nam a2200145Ia 4500
008 150201s2008 xx 000 0 und d
082 _a616.01
_bR08A
100 _aAMERICAL ACADEMY OF PEDIATIRICS
245 _aRED BOOK
250 _a24TH
260 _bCBS
_aDEHLI
_c2008
300 _a1-992
650 _aMEDICINE AND DIAGNOSIS
942 _2ddc
_cBK
999 _c441
_d441